|
|
|
|
| LEADER |
01247nab#a2200373#ar4500 |
| 001 |
000090352 |
| 003 |
SVKKK |
| 005 |
20110816124654.0 |
| 008 |
080707d1904 xo |||||||||||||||b|hun |
| FMT |
|
|
|
| 038 |
|
|
|a SVKKK
|
| 040 |
|
|
|a SVKKK
|b slo
|e AACR2
|
| 041 |
0 |
|
|a hun
|
| 044 |
|
|
|a xo
|c SK
|
| 080 |
|
|
|a 323.325:353
|2 1997
|
| 080 |
|
|
|a 353
|2 1997
|
| 080 |
|
|
|a 929 Weinberger, Dávid
|2 1997
|
| 242 |
1 |
0 |
|a Úmrtia
|y slo
|
| 245 |
1 |
0 |
|a Halálozások
|
| 500 |
|
|
|a Dohľadanie
|
| 520 |
2 |
|
|a Správa o smrti statkára, činovníka Zemplínskej župy z obce Brehov. Menovaný náhle zomrel 1. októbra 1904. Pohreb sa uskutočnil v Sátoraljaújhely za účasti tamojšej židovskej náboženskej obce 3. októbra 1904
|
| 600 |
1 |
4 |
|a Weinberger, Dávid
|d 18??-1904
|x statkár, župný činovník
|z Brehov (Slovensko)
|x pôsobenie
|
| 650 |
0 |
4 |
|a úmrtie a pohreb
|z Sátoraljaújhely (Slovensko/Maďarsko)
|y 1.10.1904
|
| 655 |
|
4 |
|a hungariká
|
| 773 |
0 |
|
|t Felsőmagyarországi Hirlap : Politikai ujság
|g Roč. 7, č. 78 (3.10.1904) s. 3
|
| 957 |
|
|
|a Sátoraljaújhely
|
| 958 |
|
|
|a DG
|
| 958 |
|
|
|a HU
|
| 974 |
|
|
|a Ba
|
| 992 |
|
|
|a RBX
|
| 997 |
|
|
|a Weinberger, Dávid
|d Imreg p. Brehov
|
| 997 |
|
|
|d Sátoraljaújhely
|
| BAS |
|
|
|
| 998 |
|
|
|a RETRO
|